<?xml version="1.0" encoding="UTF-8"?>
<record
    xmlns:xsi="http://www.w3.org/2001/XMLSchema-instance"
    xsi:schemaLocation="http://www.loc.gov/MARC21/slim http://www.loc.gov/standards/marcxml/schema/MARC21slim.xsd"
    xmlns="http://www.loc.gov/MARC21/slim">

  <leader>00390nam a2200133   4500</leader>
  <controlfield tag="005">20251114131725.0</controlfield>
  <datafield tag="020" ind1=" " ind2=" ">
    <subfield code="a">9789559244516</subfield>
  </datafield>
  <datafield tag="082" ind1=" " ind2=" ">
    <subfield code="b">007465</subfield>
  </datafield>
  <datafield tag="100" ind1=" " ind2=" ">
    <subfield code="a">Padumadasa, Chayanika </subfield>
    <subfield code="9">801</subfield>
  </datafield>
  <datafield tag="245" ind1=" " ind2=" ">
    <subfield code="a">Chemistry of Five and Six - Membered Heterocylic Compounds and their Benzo Derivatives/</subfield>
  </datafield>
  <datafield tag="260" ind1=" " ind2=" ">
    <subfield code="a">Rajagiriya: </subfield>
    <subfield code="b">Institute of Chemistry Ceylon,</subfield>
    <subfield code="c">2018.</subfield>
  </datafield>
  <datafield tag="300" ind1=" " ind2=" ">
    <subfield code="a">44</subfield>
  </datafield>
  <datafield tag="942" ind1=" " ind2=" ">
    <subfield code="c">CCS</subfield>
  </datafield>
  <datafield tag="999" ind1=" " ind2=" ">
    <subfield code="c">4961</subfield>
    <subfield code="d">4961</subfield>
  </datafield>
  <datafield tag="952" ind1=" " ind2=" ">
    <subfield code="0">0</subfield>
    <subfield code="1">0</subfield>
    <subfield code="7">0</subfield>
    <subfield code="8">REF</subfield>
    <subfield code="a">MLCampus</subfield>
    <subfield code="b">MLCampus</subfield>
    <subfield code="c">GEN</subfield>
    <subfield code="d">2026-01-28</subfield>
    <subfield code="l">0</subfield>
    <subfield code="p">007465</subfield>
    <subfield code="r">2022-05-22 00:00:00</subfield>
    <subfield code="w">2022-05-22</subfield>
    <subfield code="y">CCS</subfield>
  </datafield>
  <datafield tag="952" ind1=" " ind2=" ">
    <subfield code="0">0</subfield>
    <subfield code="1">0</subfield>
    <subfield code="7">0</subfield>
    <subfield code="8">REF</subfield>
    <subfield code="a">IC</subfield>
    <subfield code="b">IC</subfield>
    <subfield code="c">GEN</subfield>
    <subfield code="d">2022-05-22</subfield>
    <subfield code="l">0</subfield>
    <subfield code="p">007466</subfield>
    <subfield code="r">2022-05-22 00:00:00</subfield>
    <subfield code="w">2022-05-22</subfield>
    <subfield code="y">CCS</subfield>
  </datafield>
  <datafield tag="952" ind1=" " ind2=" ">
    <subfield code="0">0</subfield>
    <subfield code="1">0</subfield>
    <subfield code="7">0</subfield>
    <subfield code="8">REF</subfield>
    <subfield code="a">IC</subfield>
    <subfield code="b">IC</subfield>
    <subfield code="c">GEN</subfield>
    <subfield code="d">2022-05-22</subfield>
    <subfield code="l">0</subfield>
    <subfield code="p">007467</subfield>
    <subfield code="r">2022-05-22 00:00:00</subfield>
    <subfield code="w">2022-05-22</subfield>
    <subfield code="y">CCS</subfield>
  </datafield>
</record>
